000 00566nam a2200217Ia 4500
003 OSt
005 20220928135306.0
006 a|||||r|||| 00| 0
007 ta
008 220927b |||||||| |||| 00| 0 eng d
024 _a937
037 _cTextual
040 _aSDCL
_cSDCL
_beng
041 _2eng
_aeng
082 _aX:191.1(X) 'N7, L6
100 _aSrivastava J S
_9489587
245 0 _aCapital funds in under-developed countries
260 _c1976
942 _hX:191.1(X) 'N7, L6
_cTEXL
_2CC
999 _c804860
_d804860